000 00326 a2200157 4500
001 193011
020 _a978-85-209-2298-9
040 _cMagnum
100 _aZigg, Ivan
240 1 0 _aSó um minutinho
_lpor
245 1 0 _aSó um minutinho
300 _a24
362 0 _a2009
697 _aLITERATURA INFANTIL
942 _cBK
999 _c193011
_d193011